| 000 | 00597nam a22002177a 4500 | ||
|---|---|---|---|
| 003 | OSt | ||
| 005 | 20140310182818.0 | ||
| 008 | 130302t xxu||||| |||| 00| 0 eng d | ||
| 020 | _a9710849689 | ||
| 050 |
_aQA 303 _b.L533 1990 |
||
| 082 |
_aM 515.15 _bL53 1990 _26th ed. |
||
| 245 |
_aThe Calculus with analytic geometry _cLeithold, Louis |
||
| 250 | _a6th ed. | ||
| 260 |
_aNew York : _bHarper & Row, Publishers, Inc., _cc1990. |
||
| 300 |
_axvi, 1110 p. _c23 cm. _bill. ; |
||
| 521 | _aCollege Students | ||
| 526 | _c1210L-1700L | ||
| 541 | _j1 | ||
| 562 | _e1 | ||
| 942 |
_2lcc _cBK _kM |
||
| 999 |
_c16336 _d16336 |
||